Normal view
MARC view
- MATHEMATICAL MODELS. SCIENCE-MATHEMATICAL MODELS. ENGINEERING-MATHEMATICAL MODELS
Entry Topical Term
001 - CONTROL NUMBER
- control field: 60966
003 - CONTROL NUMBER IDENTIFIER
- control field: NUST
005 - DATE AND TIME OF LATEST TRANSACTION
- control field: 20210628202649.0
008 - FIXED-LENGTH DATA ELEMENTS
- fixed length control field: 210628|| aca||aabn | a|a d
040 ## - CATALOGING SOURCE
- Original cataloging agency: NUST
- Transcribing agency: NUST
150 ## - HEADING--TOPICAL TERM
- Topical term or geographic name entry element: MATHEMATICAL MODELS. SCIENCE-MATHEMATICAL MODELS. ENGINEERING-MATHEMATICAL MODELS
670 ## - SOURCE DATA FOUND
- Source citation: Work cat.: (NUST): Basmadjian, Diran, Farnood, Ramin 60965, The art of modeling in science and engineering with mathematica, 2007
